Guess the Spongebob characters from the pictures - Statistics

General Stats
  • This quiz has been taken 196 times
  • The average score is 10 of 12
Answer Stats
Picture Answer % Correct
Spongebob
100%
Sandy
99%
Mr Krabs
97%
Squidward
97%
Patrick
92%
Larry
87%
Pearl
86%
Gary
83%
Mrs Puff
80%
Plankton
80%
Potty
52%
Man Ray
27%
No matching quizzes found
Score Distribution
Percent of People with Each Score
Percentile by Number Answered
Your Score History
You have not taken this quiz